| 000 | 00423nam a22001697a 4500 | ||
|---|---|---|---|
| 003 | CEME | ||
| 005 | 20210628202319.0 | ||
| 008 | 210309b xxu||||| |||| 00| 0 eng d | ||
| 020 | _a0-471-63309-7 | ||
| 040 | _c. | ||
| 082 | _a621.8 MAB'M | ||
| 100 |
_aReinholtz, C. F Mabie, H. H _959308 |
||
| 245 | _aMechanical and dynamics of machinery | ||
| 260 |
_aNEWYORK _bJOHN WILEY _c1987 |
||
| 300 | _a644P | ||
| 942 |
_cBK _2ddc |
||
| 999 |
_c569321 _d569321 |
||